000
002990000a22001090004500
100
1
_a
Brueggemann, Walter
245
1
0
_a
Psalm 73 as a canonical marker
300
_a
Núm 72 (1996), Páginas 45-56
700
1
_a
Miller, Patrick D.
773
0
_t
Journal for the Study of the Old Testament
942
_c
ANA
999
_c
54879
_d
54879